1M+ cities of the world by letter - V - Statistics

General Stats
  • This quiz has been taken 897 times
  • The average score is 8 of 13
Answer Stats
Country Population City % Correct
Canada 3.32 mil Vancouver
99%
Austria 2.40 mil Vienna
98%
Venezuela 2.12 mil Valencia
93%
Spain 1.99 mil Valencia
93%
Chile 1.07 mil Valparaíso
63%
Russia 1.07 mil Volgograd
63%
India 2.17 mil Varanasi
52%
United States 1.66 mil Virginia Beach
49%
Russia 1.13 mil Voronezh
48%
Brazil 1.88 mil Vitória
37%
India 2.50 mil Vadodara
32%
India 2.55 mil Vishakhapatnam
28%
India 2.45 mil Vijayawada
18%
No matching quizzes found
Score Distribution
Percent of People with Each Score
Percentile by Number Answered
Your Score History
You have not taken this quiz